El proceso de las 5's en acción : la metodología japonesa para mejorar la calidad y la productividad de cualquier tipo de empresa /

Contenido: 1. Seleccionar: Proceso de producción; Lugares donde se acumulan objetos innecesarios; 2. Organizar: Proceso de organización; 3. Limpiar: Proceso de limpieza; 4. Estandarizar: Proceso de estandarizar; Prevención; 5. Seguimiento: Fomentar el conocimiento en las 5's para Saber; Generar moti...

Fuld beskrivelse

Guardado en:
Bibliografiske detaljer
Hovedforfatter: Socconini, Luis (autor)
Andre forfattere: Barrantes, Marco (autor) (autor)
Format: Bog
Sprog:spansk
Udgivet: México : Norma, 2005, c2005
Fag:
Tags: Tilføj Tag
Ingen Tags, Vær først til at tagge denne postø!

MARC

LEADER 00000nam^a2200000^a^4500
001 000177318
005 20250521000000.0
009 20260310101711.528
020 |a 970-09-0807-0 
025 |a Donación José de la Cerda Gastélum, 1 ejemplar 
037 |a Acervo ITESO - Biblioteca 
041 |a ESP 
082 |a 658. 562  |b SOC 
100 |a Socconini, Luis  |e (autor) 
245 1 3 |a El proceso de las 5's en acción :  |b la metodología japonesa para mejorar la calidad y la productividad de cualquier tipo de empresa /  |c L. Socconini, M. Barrantes. 
264 4 |a México :  |b Norma,  |c 2005, c2005 
300 |a XIV, 118 p. 
336 |a texto  |b txt  |2 rdacontenido 
337 |a sin mediación  |b n  |2 rdamedio 
338 |a volumen  |b nc  |2 rdasoporte 
520 |a Contenido: 1. Seleccionar: Proceso de producción; Lugares donde se acumulan objetos innecesarios; 2. Organizar: Proceso de organización; 3. Limpiar: Proceso de limpieza; 4. Estandarizar: Proceso de estandarizar; Prevención; 5. Seguimiento: Fomentar el conocimiento en las 5's para Saber; Generar motivación para Querer; Proporcionar recursos para Poder; 6. Administración del proyecto; Cambio de paradigmas: Paradigmas de la dirección; Paradigmas de los operadores; Estudios de caso. 
530 |a Existe una edición en formato digital en línea con el mismo título 
649 |a XX 
650 |a Industria -  |x Administración 
650 |a Empresas -  |x Administración 
650 |a Optimización 
650 |a Control Estadístico de Calidad -  |x Metodología 
650 |a Control de Calidad -  |x Metodología -  |x Tema Principal 
650 |a Proceso de Producción 
650 |a Administración del Producto 
650 |a Cambio Organizacional 
650 |a Desarrollo Organizacional 
650 |a Administración 
650 |a Ciencias Administrativas 
650 |a Ingeniería Industrial 
700 |a Barrantes, Marco  |e (autor) 
910 |a Fondo General 
920 |a Impresos - Libros 
930 |a Colección General 
905 |a 101 
901 |a 0500115839  |b IT1  |c ACC  |i D  |u 20250521 
901 |a 0500143186  |b IT1  |c ACC  |i D  |u 20250521 
902 |a https://opac.biblio.iteso.mx/vufind/Record/000177318